Statistiques concernant Culture Générale - Série 306

Cliquez ici pour prendre le quiz!

Statistiques générales

  • Ce quiz a été pris 180 fois
  • Le résultat moyen est 7 sur 10

Statistiques - réponses

QuestionRéponse% Correct
De quel animal mangez-vous la poitrine en dégustant du bacon ?Le porc
98%
Quelle céréale consommez-vous si vous mangez du boulgour ?Du blé
93%
Quelle charcuterie dégustez-vous si vous mangez de la rosette de Lyon ?Du saucisson
88%
En Corse, qu'allez-vous déguster si on vous sert du broccio ?Du fromage
78%
Dans quelle région Sheila situe-t-elle "Les Rois Mages" en 1971 ?En Galilée
78%
De quelle comédie musicale est tirée la chanson "L'Envie d'aimer" ?Les Dix Commandements
51%
Quel ex-membre des Nuls a créé et dirigé la chaîne de télé "Comédie !" ?Dominique Farrugia
48%
Quels enfants ne faut-il pas prendre pour des canards sauvages, dans un film de 1968 ?Du bon Dieu
47%
Quelle vitesse sert de référence quand on parle de "mach 1" ou "mach 2" ?Du son
47%
Sous quel pseudonyme Romain Gary reçoit-il le Goncourt pour "La Vie devant soi" ?Emile Ajar
43%

Distribution des résultats

Percentile par nombre de réponses

% des personnes avec chaque résultat

Votre développement - résultats

Vous n’avez pas pris ce quiz